Schweizer Gemeinden - Statistiken

Allgemein
  • Dieses Quiz wurde 26 mal gespielt
  • Das Durchschnittsergebnis liegt bei 9 aus 20
Answers on the Grid
Answers color-coded by a green-red scale on the quiz's grid according to % correct below.
Wassen
Endingen
Trogen
Lenzkirch
Muriaux
Acquaseria
Flums
Brusio
Vionnaz
Rovasenda
Unterägeri
Malbuisson
Menziken
Flawil
Monteceneri
Triesen
Frastanz
Hildisrieden
Laupheim
Surses
Rochefort
Dallenwil
Commercy
Schleitheim
Ruffano
Bauma
Blenio
Trofaiach
Val Müstair
Ulfingen
Boltigen
Burgeis
 
Antwortstatistiken
Antwort % Korrekt
Flums
83%
Flawil
67%
Unterägeri
67%
Val Müstair
67%
Wassen
67%
Boltigen
61%
Trogen
61%
Bauma
56%
Dallenwil
56%
Menziken
56%
Brusio
44%
Blenio
33%
Endingen
33%
Monteceneri
33%
Surses
33%
Hildisrieden
28%
Schleitheim
22%
Vionnaz
22%
Rochefort
17%
Muriaux
11%
Keine übereinstimmenden Quizze gefunden
Verteilung der Resultate
Anzahl Personen mit jedem Resultat
Perzentil nach korrekt beantworteten Fragen
Ihre Resultats-Entwicklung
Sie haben dieses Quiz noch nicht gespielt